[Event "Nordic Championship 65+"]
[Site "Vaxjo"]
[Date "2017.06.30"]
[Round "6.5"]
[White "Wihlborn, Bengt"]
[Black "Ehlers, Kjeld"]
[Result "1-0"]
[WhiteElo "1842"]
[BlackElo "1560"]

1.Nf3 Nc6 2.d4 d5 3.e3 Nf6 4.c4 e6 5.Nc3 a6 6.cxd5 exd5 7.Be2 Bd6 8.O-O 
O-O 9.b3 Re8 10.Bb2 h6 11.Rc1 Bf5 12.Na4 Qe7 13.Nc5 Bxc5 14.Rxc5 Rad8 15.
h3 Ne4 16.Rc1 Ng5 17.Ne5 Nxe5 18.dxe5 c6 19.Bg4 Qe6 20.Bd4 Bxg4 21.hxg4 
Qc8 22.f4 Ne4 23.b4 f6 24.exf6 Nxf6 25.g5 hxg5 26.fxg5 Ng4 27.Rf4 Nxe3 28.
Qh5 Qc7 29.Rh4 Qg3 1-0

[Event "Nordic Championship 65+"]
[Site "Vaxjo"]
[Date "2017.06.30"]
[Round "6.6"]
[White "Johansson, Bjorn"]
[Black "Lundgren, Ulf"]
[Result "1/2-1/2"]
[WhiteElo "1922"]
[BlackElo "1963"]

1.c4 e5 2.g3 g6 3.Bg2 Bg7 4.Nc3 Nc6 5.d3 Nge7 6.e4 Nd4 7.Nge2 Nec6 8.O-O 
d6 9.h3 O-O 10.a3 a5 11.Rb1 Bd7 12.b4 axb4 13.axb4 b6 14.b5 Nxe2+ 15.Nxe2 
Ne7 16.Be3 Qc8 17.Kh2 h5 18.Qd2 Kh7 19.Rfd1 Be6 20.Qc3 Ra4 21.Ra1 Rxa1 22.
Rxa1 Qd7 23.d4 f6 24.d5 Bf7 25.Ra7 Rb8 26.h4 Bh6 27.Bh3 Qd8 28.f4 Be8 29.
fxe5 dxe5 30.Bxh6 Kxh6 31.Qe3+ Kg7 32.Qa3 Nc8 33.Bxc8 Rxc8 34.d6 Kg8 35.
dxc7 Rxc7 36.Rxc7 Qxc7 37.Qd3 Bf7 38.Nc3 Bxc4 39.Qd2 Qc5 40.Qd8+ Kg7 41.
Qd7+ Bf7 42.Qd2 Qd4 43.Qe1 Bc4 44.Kg2 f5 45.exf5 gxf5 46.Qc1 Qg4 47.Qa3 e4
48.Qe7+ Bf7 49.Qe5+ Kh7 50.Nd5 Bxd5 51.Qxd5 Qg6 52.Qd7+ Kh6 53.Qd2+ Kg7 
54.Qd7+ Kf8 55.Qd8+ Kf7 1/2-1/2

[Event "Nordic Championship 65+"]
[Site "Vaxjo"]
[Date "2017.06.30"]
[Round "6.7"]
[White "Isaksson, Leif"]
[Black "Koski, Viljo"]
[Result "1/2-1/2"]
[WhiteElo "1928"]
[BlackElo "1917"]

1.e4 e6 2.d4 d5 3.e5 c5 4.c3 Nc6 5.Nf3 Qb6 6.Bd3 Bd7 7.O-O cxd4 8.cxd4 
Nxd4 9.Nxd4 Qxd4 10.Nc3 Qxe5 11.Re1 Qd6 12.g3 Nf6 13.Nb5 Qb6 14.Be3 Qa5 
15.Bd2 Qd8 16.Bf4 Bb4 17.Nc7+ Kf8 18.Nxa8 Bxe1 19.Bd6+ Kg8 20.Qxe1 Qxa8 
21.b4 h5 22.Rc1 Qd8 23.Bc7 Qe7 24.Bf4 Ne8 25.b5 h4 26.g4 f6 27.Bd2 e5 28.
Bb4 Qf7 29.Qd1 e4 30.Be2 h3 31.f3 f5 32.fxe4 fxe4 33.Qd4 Qe6 34.Rf1 Bxb5 
35.Rf8+ Kh7 36.Rxh8+ Kxh8 37.Bxb5 Qxg4+ 38.Kf1 Qf3+ 39.Qf2 Qd1+ 40.Be1 Nf6
41.Be2 Qc1 42.Qxa7 1/2-1/2

[Event "Nordic Championship 65+"]
[Site "Vaxjo"]
[Date "2017.06.30"]
[Round "6.8"]
[White "Olsson, Sture"]
[Black "Heikkila, Raine"]
[Result "1-0"]
[WhiteElo "1921"]
[BlackElo "1714"]

1.d4 d5 2.c4 e6 3.g3 Nf6 4.Bg2 c6 5.Nf3 Bb4+ 6.Bd2 Be7 7.Qc2 Ne4 8.O-O 
Nxd2 9.Nbxd2 Nd7 10.e4 Nf6 11.Rad1 O-O 12.a3 Re8 13.Rfe1 Kh8 14.Ng5 Rf8 
15.e5 g6 16.exf6 Bxf6 17.Ngf3 Bg7 18.b4 a6 19.Nb3 Kg8 20.Ne5 Qd6 21.f4 Kh8
22.Kh1 Kg8 23.Nc5 Bxe5 24.fxe5 Qd8 25.Rf1 b6 26.Nb3 Bd7 27.c5 b5 28.Qd2 
Kg7 29.Rf6 Ra7 30.Rdf1 Be8 31.Qg5 Qe7 32.Bh3 h6 33.Qe3 Bd7 34.R1f4 Rc7 35.
Bf1 Be8 36.Bd3 Rh8 37.Kg2 Ra7 38.h4 Rc7 39.Qf3 Ra7 40.Qg4 h5 41.Qg5 Rc7 
42.Na5 Rh6 43.Be2 Rh8 44.g4 hxg4 45.Rxg4 Rh6 46.Bd3 Kh7 47.h5 Kg7 48.Rh4 
Rh7 49.hxg6 fxg6 50.Rxh7+ Kxh7 51.Bxg6+ Bxg6 52.Qxg6+ Kh8 53.Qh6+ Qh7 54.
Rf8# 1-0

[Event "Nordic Championship"]
[Site "Vaxjo"]
[Date "2017.06.28"]
[Round "4.32"]
[White "Fernandez, Juan Pablo"]
[Black "Helin, Mikael"]
[Result "0-1"]
[WhiteElo "2045"]
[BlackElo "1861"]

1.c4 e5 2.g3 Nc6 3.Bg2 g6 4.Nc3 Bg7 5.e4 d6 6.Nge2 Be6 7.d3 Qd7 8.Nd5 Nd8 
9.f4 c6 10.Ne3 f5 11.O-O Ne7 12.d4 fxe4 13.Bxe4 d5 14.cxd5 cxd5 15.Bg2 e4 
16.Bd2 Ndc6 17.Bc3 Nf5 18.Qd2 h5 19.h4 Nce7 20.Rac1 O-O 21.Kh2 Kh7 22.Nc2 
Nh6 23.Bb4 Ng4+ 24.Kg1 Nf5 25.Bxf8 Rxf8 26.Bh3 Nd6 27.Bxg4 Bxg4 28.b3 Qb5 
29.Rfe1 Qd3 30.Qe3 Rc8 31.Red1 Qxe2 32.Qxe2 Bxe2 33.Re1 Bd3 34.Nb4 Bxd4+ 
35.Kg2 Bc3 36.Nxd3 exd3 37.Re7+ Kg8 38.Rd7 d2 39.Rd1 Nf5 40.Kf3 d4 41.Rg1 
Re8 42.g4 Re1 0-1

[Event "Nordic Championship Women"]
[Site "Vaxjo"]
[Date "2017.07.01"]
[Round "5.1"]
[White "Kakulidis, Ellen"]
[Black "Fredericia, Louise"]
[Result "1-0"]
[WhiteElo "1914"]
[BlackElo "2089"]

1.d4 e6 2.g3 c5 3.Nf3 b5 4.Bg2 Bb7 5.O-O d5 6.a4 b4 7.c3 Nf6 8.cxb4 cxb4 
9.Nbd2 Na6 10.Nb3 Bd6 11.Bg5 O-O 12.Qd3 Qd7 13.Ne5 Bxe5 14.dxe5 Ng4 15.Bf4
f6 16.exf6 Nxf6 17.Qb5 Rfe8 18.Be5 Bc8 19.h3 Qe7 20.g4 Nd7 21.Bg3 Nb6 22.
Rac1 Nc4 23.Rxc4 dxc4 24.Bxa8 cxb3 25.Bg2 Nc5 26.Bd6 Qxd6 27.Qxe8+ Qf8 28.
Qxf8+ Kxf8 29.Rc1 1-0

[Event "Nordic Championship Women"]
[Site "Vaxjo"]
[Date "2017.07.01"]
[Round "5.2"]
[White "Johansson, Viktoria"]
[Black "Ptacnikova, Lenka"]
[Result "0-1"]
[WhiteElo "2114"]
[BlackElo "2207"]

1.d4 Nf6 2.c4 e6 3.Nc3 Bb4 4.e3 O-O 5.Bd3 d5 6.cxd5 exd5 7.Ne2 Re8 8.O-O 
b6 9.a3 Bf8 10.f3 Bb7 11.Kh1 Nbd7 12.g4 c5 13.Qe1 g6 14.Qg3 a6 15.Qh3 b5 
16.Nf4 Nb6 17.Nce2 Nc4 18.g5 Nd7 19.Bxc4 bxc4 20.Bd2 Bg7 21.Rad1 Bc6 22.
Nc3 cxd4 23.Ncxd5 Ba4 24.Rc1 dxe3 25.Bxe3 Bxb2 26.Rb1 Bg7 27.Bd2 Bc2 28.
Rbc1 Bf5 29.Qg3 Rc8 30.Bc3 Bxc3 31.Rxc3 Qa5 32.Rfc1 Rc5 33.Nf6+ Nxf6 34.
gxf6 Qd8 35.Qh4 Rc6 36.Qf2 Qxf6 37.Rxc4 Rxc4 38.Rxc4 Qa1+ 39.Kg2 Qxa3 40.
Nd5 Qa1 41.Rd4 Kg7 42.Ne3 Bc8 43.h4 h5 44.Qd2 Be6 45.Rf4 Rc8 46.Rb4 Rc1 
47.Rb2 Kh7 48.Kg3 Rg1+ 49.Kf4 Qa4+ 50.Rb4 Qa5 51.Qd6 Qa2 52.Ke4 Re1 53.Rb8
Qc4+ 54.Qd4 Bf5+ 55.Ke5 f6+ 0-1

[Event "Nordic Championship Women"]
[Site "Vaxjo"]
[Date "2017.07.01"]
[Round "5.3"]
[White "Cramling, Anna"]
[Black "Horn, Emilia"]
[Result "1/2-1/2"]
[WhiteElo "1912"]
[BlackElo "1995"]

1.d4 d5 2.c4 e6 3.Nc3 c6 4.e3 f5 5.Bd3 Nf6 6.f3 Bd6 7.Qc2 Nbd7 8.Nge2 dxc4
9.Bxc4 Nb6 10.Bb3 Nbd5 11.O-O O-O 12.Bd2 Kh8 13.g3 Nb4 14.Qb1 e5 15.a3 Na6
16.Qc2 Qe7 17.dxe5 Bxe5 18.Nf4 Nc5 19.Bc4 b5 20.Be2 a5 21.Nd3 Bd6 22.Rac1 
Nfd7 23.Kg2 a4 24.Nxc5 Nxc5 25.e4 Nb3 26.Rce1 f4 27.Bd3 Qe6 28.g4 Be5 29.
Ne2 h5 30.h3 Nxd2 31.Qxd2 Qf6 32.Nc3 Be6 33.Rc1 Bd4 34.Nd1 Rac8 35.Bb1 Qe5
36.Qe1 c5 37.Qh4 Bf7 38.Nc3 b4 39.axb4 cxb4 40.Nxa4 Qb5 41.Rcd1 Bf6 42.Qe1
Qxa4 43.e5 Be7 44.Qe4 g6 45.gxh5 Rc4 46.Rd4 Rxd4 47.Qxd4 Be6 48.hxg6 Kg7 
49.h4 Rh8 50.Rh1 Rxh4 51.Rxh4 Bxh4 52.Qxf4 Qa1 53.Qxh4 Qxb2+ 54.Kg3 Qxe5+ 
55.Kf2 Qb2+ 56.Kg3 Qe5+ 57.Kf2 Qb2+ 58.Kg3 Qe5+ 59.Kf2 1/2-1/2

[Event "Nordic Championship Women"]
[Site "Vaxjo"]
[Date "2017.07.01"]
[Round "5.4"]
[White "Berg Laachiri, Susanna"]
[Black "Fredericia Nilssen, Ellen"]
[Result "1-0"]
[WhiteElo "1911"]
[BlackElo "1948"]

1.e4 e6 2.d4 d5 3.exd5 exd5 4.c4 Nf6 5.Nc3 Be7 6.Bd3 dxc4 7.Bxc4 Nbd7 8.
Nf3 Nb6 9.Bb3 O-O 10.Ne5 Nbd5 11.O-O c6 12.Bg5 Be6 13.Re1 Nxc3 14.bxc3 
Bxb3 15.Qxb3 Rb8 16.c4 Re8 17.Rad1 Nd7 18.Bf4 Nxe5 19.Bxe5 Bd6 20.c5 Bxe5 
21.dxe5 Qe7 22.e6 Rbd8 23.Rd6 Kf8 24.Red1 fxe6 25.h3 Rxd6 26.Rxd6 Rd8 27.
Rxd8+ Qxd8 28.Qxb7 Qd1+ 29.Kh2 Qa4 30.Qc8+ Ke7 31.Qc7+ Kf6 32.Qd6 Qxa2 33.
Qxc6 Qxf2 34.Qd6 Kf7 35.c6 Qb6 36.Qd7+ Kf6 37.c7 Qb4 38.Qd8+ Kg6 39.Qd3+ 
Kf7 40.c8=Q Qf4+ 41.Qg3 Qxg3+ 42.Kxg3 1-0

[Event "Nordic Championship Women"]
[Site "Vaxjo"]
[Date "2017.07.01"]
[Round "5.5"]
[White "Mariano-Wagman, Cristine Rose"]
[Black "Lindberg, Cajsa"]
[Result "0-1"]
[WhiteElo "1933"]
[BlackElo "1734"]

1.e4 c5 2.Ne2 d6 3.Nbc3 Nf6 4.g3 g6 5.Bg2 Bg7 6.d3 O-O 7.O-O Nc6 8.h3 Rb8 
9.a4 Bd7 10.Be3 b6 11.Qd2 a6 12.f4 b5 13.axb5 axb5 14.g4 b4 15.Nd1 Ne8 16.
f5 Nd4 17.Nxd4 cxd4 18.Bh6 b3 19.cxb3 Rxb3 20.fxg6 hxg6 21.e5 Be6 22.Nf2 
dxe5 23.Ne4 Qb6 24.Rf2 Nd6 25.Bxg7 Kxg7 26.Ng5 Ne8 27.Ra8 Nf6 28.Rxf8 Kxf8
29.Nxe6+ Qxe6 30.Qd1 Rb5 31.Qa4 Qb6 32.Rc2 Rc5 33.Rf2 Kg7 34.b4 Rb5 35.Rb2
Nd7 36.Rc2 Nf6 37.Rc4 e4 38.Qb3 e3 39.Kf1 Nd5 40.Rc2 Qf6+ 41.Kg1 Nc3 42.
Bf1 Qe5 43.Qc4 Rb6 44.Qc5 Qxc5 45.bxc5 Rc6 46.Kg2 Rxc5 47.Kf3 e5 48.g5 f6 
49.h4 fxg5 50.hxg5 Rc7 51.Bh3 Rf7+ 52.Kg2 e2 53.Rc1 Nd1 0-1

[Event "Nordic Championship Women"]
[Site "Vaxjo"]
[Date "2017.07.01"]
[Round "5.6"]
[White "Fransson, Pia"]
[Black "Olsson, Linn"]
[Result "0-1"]
[WhiteElo "1482"]
[BlackElo "1796"]

1.d4 Nf6 2.c4 e6 3.g3 d5 4.Bg2 Bb4+ 5.Bd2 Bxd2+ 6.Qxd2 O-O 7.Nf3 Nc6 8.O-O
Ne4 9.Qd1 Ne7 10.c5 Ng6 11.h4 f5 12.Nbd2 Qf6 13.h5 Ne7 14.Ne5 Nc6 15.f3 
Nxg3 16.Rf2 Nxh5 17.Nxc6 bxc6 18.e3 f4 19.Nf1 fxe3 20.Nxe3 Nf4 21.Ng4 Qh4 
22.Qb3 Qg3 23.Kf1 Nxg2 24.Nh6+ Kh8 25.Rxg2 Rxf3+ 26.Qxf3 Qxf3+ 27.Rf2 Ba6+
28.Kg1 Qg3+ 0-1

[Event "Nordic Championship"]
[Site "Vaxjo"]
[Date "2017.07.01"]
[Round "8.1"]
[White "Johansson, Linus"]
[Black "Grandelius, Nils"]
[Result "1/2-1/2"]
[WhiteElo "2448"]
[BlackElo "2655"]

1.c4 e5 2.Nc3 Bb4 3.g3 Bxc3 4.bxc3 Nc6 5.Bg2 d6 6.d3 Nge7 7.Nh3 f6 8.e4 
Be6 9.f4 g6 10.g4 h5 11.g5 Bg4 12.Qc2 Qd7 13.Nf2 exf4 14.Bxf4 fxg5 15.Bxg5
Ne5 16.d4 Nf3+ 17.Bxf3 Bxf3 18.Rg1 h4 19.Qd3 Bh5 20.Nh3 O-O-O 21.Nf4 Rdf8 
22.Kd2 Nc6 23.Raf1 b6 24.Qh3 Qxh3 25.Nxh3 Na5 26.Kd3 Rxf1 27.Rxf1 Bg4 28.
Nf4 Rf8 29.Rg1 Bh5 30.Re1 Bg4 31.Rg1 Bh5 32.Re1 Bg4 33.Rg1 Bh5 1/2-1/2

[Event "Nordic Championship"]
[Site "Vaxjo"]
[Date "2017.07.01"]
[Round "8.2"]
[White "Hjartarson, Johann"]
[Black "Lokander, Martin"]
[Result "1-0"]
[WhiteElo "2541"]
[BlackElo "2329"]

1.e4 c6 2.d4 d5 3.Nd2 dxe4 4.Nxe4 Bf5 5.Nc5 b6 6.Nb3 Nf6 7.Nf3 e6 8.g3 
Nbd7 9.Bg2 Rc8 10.O-O Bd6 11.c4 O-O 12.Be3 c5 13.dxc5 Nxc5 14.Nfd4 Be4 15.
Nb5 Bxg2 16.Kxg2 Nce4 17.Rc1 a6 18.Nxd6 Qxd6 19.f3 Qxd1 20.Rfxd1 Nc5 21.
Nxc5 bxc5 22.Rd6 Rfd8 23.Rcd1 Rxd6 24.Rxd6 Kf8 25.Rxa6 Nd7 26.f4 Ke7 27.
Kf3 f5 28.b3 Rc7 29.h3 h5 30.g4 hxg4+ 31.hxg4 g6 32.g5 Rc8 33.Bf2 Rc7 34.
Be1 e5 35.fxe5 Nxe5+ 36.Ke2 Rc6 37.Rxc6 Nxc6 38.Bc3 Ke6 39.Ke3 Nb4 40.a3 
Nc6 41.b4 cxb4 42.axb4 Kd6 43.Kf4 Nd8 44.Be5+ Kc6 45.Bf6 Nf7 46.b5+ Kc5 
47.Be7+ Kb6 48.Ke3 Ne5 49.Kd4 Nf3+ 50.Kd5 f4 51.Bd8+ Kb7 52.c5 Kc8 53.Bf6 
Ne1 54.Ke4 f3 55.Bd4 Nc2 56.Bf2 Na3 57.b6 1-0

[Event "Nordic Championship"]
[Site "Vaxjo"]
[Date "2017.07.01"]
[Round "8.3"]
[White "Rasmussen, Allan Stig"]
[Black "Schneider, Stefan"]
[Result "1/2-1/2"]
[WhiteElo "2540"]
[BlackElo "2360"]

1.Nf3 Nf6 2.c4 e6 3.g3 b6 4.Bg2 Bb7 5.O-O c5 6.Nc3 Be7 7.b3 O-O 8.Bb2 d5 
9.e3 Qc8 10.Qe2 Rd8 11.Rfd1 d4 12.Nb5 a6 13.Na3 d3 14.Qf1 Nc6 15.Nb1 Qc7 
16.Nc3 Rd7 17.Rac1 Rad8 18.Na4 h6 19.Ne1 Nb4 20.a3 Bxg2 21.Qxg2 Nc6 22.Bc3
e5 23.f4 b5 24.cxb5 axb5 25.Nb2 e4 26.a4 Qb7 27.axb5 Qxb5 28.Bxf6 Bxf6 29.
Na4 Nd4 30.exd4 Bxd4+ 31.Kh1 Qxb3 32.Qxe4 Qxa4 33.Nxd3 c4 34.Ne1 Bb2 35.
Rb1 Rxd2 36.Rxd2 Rxd2 37.Nf3 Rd1+ 38.Rxd1 Qxd1+ 39.Kg2 c3 40.Qa8+ Kh7 41.
Qe4+ g6 42.Nd4 Qd2+ 43.Kh3 c2 44.Nxc2 Qd7+ 45.Kg2 Qd2+ 46.Kh3 Qd7+ 47.Kg2 
Qd2+ 48.Kh3 1/2-1/2

[Event "Nordic Championship"]
[Site "Vaxjo"]
[Date "2017.07.01"]
[Round "8.4"]
[White "Westerberg, Jonathan"]
[Black "Rostgaard, Tobias Valentin"]
[Result "1-0"]
[WhiteElo "2468"]
[BlackElo "2327"]

1.e4 e5 2.Nf3 Nc6 3.Nc3 Nf6 4.Be2 d5 5.exd5 Nxd5 6.O-O Nxc3 7.bxc3 Bd6 8.
d4 O-O 9.Re1 h6 10.h3 Bf5 11.Rb1 exd4 12.cxd4 b6 13.Bd3 Qf6 14.Bb2 Bxd3 
15.Qxd3 Rfe8 16.Re4 Qg6 17.Rbe1 Rxe4 18.Rxe4 Nb4 19.Qe2 Nd5 20.Ne5 Bxe5 
21.Rxe5 Rd8 22.Re4 f5 23.Re5 Qc6 24.Rxf5 Re8 25.Qf3 Re1+ 26.Kh2 Qd6+ 27.g3
c6 28.c4 1-0

[Event "Nordic Championship"]
[Site "Vaxjo"]
[Date "2017.07.01"]
[Round "8.5"]
[White "Thybo, Jesper Sondergaard"]
[Black "Lind, Jan-Olov"]
[Result "1/2-1/2"]
[WhiteElo "2465"]
[BlackElo "2222"]

1.d4 d5 2.c4 c6 3.Nf3 Nf6 4.Nbd2 g6 5.b3 Bg7 6.Bb2 O-O 7.e3 Nbd7 8.Be2 b6 
9.O-O Bb7 10.b4 a5 11.a3 axb4 12.axb4 dxc4 13.Rxa8 Qxa8 14.Nxc4 Nd5 15.Qb3
Ba6 16.Ra1 Nc7 17.h4 Qb7 18.h5 Bb5 19.hxg6 hxg6 20.Ng5 Bf6 21.Ne4 Bg7 22.
Nc3 Ra8 23.Rxa8+ Qxa8 24.Nxb5 Nxb5 25.Bf3 Qc8 26.Qd3 e6 27.Ne5 Nxe5 28.
dxe5 Qc7 29.Qe4 Na7 30.Be2 Bf8 31.g3 Qd8 32.Bc3 Qd5 33.Qxd5 exd5 34.Ba6 
Be7 35.f4 Kf8 36.Kf2 Ke8 37.Kf3 Kd7 38.g4 b5 39.f5 gxf5 40.gxf5 Kc7 41.Bd4
Nc8 42.Bxc8 Kxc8 43.Bc3 Kd7 44.Kg4 c5 45.bxc5 Bxc5 46.Kf3 Ke7 47.Bd4 Ba3 
48.Ke2 Kf8 49.Kd3 Kg8 50.Bb6 Bb2 51.Bd4 Ba3 52.Kc3 Kg7 53.Bb6 Kh6 54.Kd4 
Kg5 55.f6 b4 56.Bd8 Kg6 57.Be7 Bb2+ 58.Kxd5 b3 59.Kc4 Bxe5 60.Kxb3 1/2-1/2

[Event "Nordic Championship"]
[Site "Vaxjo"]
[Date "2017.07.01"]
[Round "8.6"]
[White "Smith, Axel"]
[Black "Ziska, Helgi Dam"]
[Result "0-1"]
[WhiteElo "2505"]
[BlackElo "2544"]

1.d4 Nf6 2.c4 g6 3.Nc3 Bg7 4.e4 d6 5.Bd3 O-O 6.Nge2 e5 7.d5 Nh5 8.O-O Nd7 
9.Be3 f5 10.exf5 gxf5 11.f3 f4 12.Bf2 Rf7 13.Ne4 Bf8 14.b4 Rg7 15.Kh1 Ndf6
16.N2c3 Nxe4 17.Nxe4 Be7 18.Qe1 Kh8 19.a4 Rg6 20.Nc5 Rh6 21.Ne6 Bxe6 22.
dxe6 Qg8 23.Be4 c6 24.b5 Qg5 25.h3 Nf6 26.bxc6 Rg8 27.Rg1 Qh5 28.Qf1 Nxe4 
29.fxe4 f3 30.Bh4 Qxh4 31.Qxf3 Rg3 32.Qf5 bxc6 33.Rab1 Rf6 34.Rb7 Rxf5 0-1

[Event "Nordic Championship"]
[Site "Vaxjo"]
[Date "2017.07.01"]
[Round "8.7"]
[White "Ernst, Thomas"]
[Black "Hansen, Mads"]
[Result "1-0"]
[WhiteElo "2381"]
[BlackElo "2414"]

1.e4 e5 2.Nf3 Nc6 3.Bb5 f5 4.Nc3 fxe4 5.Nxe4 Nf6 6.Nxf6+ Qxf6 7.Qe2 Be7 8.
Bxc6 bxc6 9.Qxe5 Ba6 10.Qxf6 Bxf6 11.d3 O-O 12.Rb1 c5 13.Be3 c4 14.d4 Rab8
15.Kd2 c5 16.b3 Rbc8 17.c3 cxd4 18.Nxd4 Bb7 19.f3 Bd5 20.b4 g5 21.h3 Rfe8 
22.Rhe1 Re7 23.a4 h5 24.a5 g4 25.hxg4 hxg4 26.Nf5 Re6 27.Nh6+ Kh7 28.Nxg4 
a6 29.Nxf6+ Rxf6 30.Rh1+ Kg6 31.b5 axb5 32.Rxb5 Bc6 33.Rg5+ Kf7 34.Rh7+ 
Ke6 35.Bd4 1-0

[Event "Nordic Championship"]
[Site "Vaxjo"]
[Date "2017.07.01"]
[Round "8.8"]
[White "Dragicevic, Drazen"]
[Black "Kenneskog, Theodor"]
[Result "1-0"]
[WhiteElo "2306"]
[BlackElo "2318"]

1.Nf3 c5 2.c4 Nc6 3.d4 cxd4 4.Nxd4 g6 5.g3 Bg7 6.Nc2 Nf6 7.Bg2 O-O 8.O-O 
d6 9.Nc3 Be6 10.b3 Qd7 11.Re1 Bh3 12.Bh1 Ng4 13.Bb2 f5 14.f3 Nf6 15.Qd2 h6
16.Nd1 g5 17.Nf2 g4 18.f4 h5 19.Rad1 Rad8 20.Nd4 e6 21.Nb5 d5 22.cxd5 Ne7 
23.Qd3 exd5 24.Rc1 Rc8 25.Nxa7 Rxc1 26.Rxc1 Ra8 27.Bd4 h4 28.a4 Nh5 29.
Bxg7 Nxg7 30.Nb5 Ne6 31.Nd4 Ng7 32.Qb5 Qd6 33.Nd3 Nh5 34.Kf2 b6 35.Qb4 Qf6
36.Rc7 Re8 37.Qc3 hxg3+ 38.hxg3 Nxg3 39.Kxg3 Ng6 40.Nxf5 Re3+ 41.Kf2 1-0

[Event "Nordic Championship"]
[Site "Vaxjo"]
[Date "2017.07.01"]
[Round "8.9"]
[White "Johansson, Carl Fredrik"]
[Black "Rydstrom, Tom"]
[Result "0-1"]
[WhiteElo "2173"]
[BlackElo "2313"]

1.d4 e6 2.c4 Nf6 3.Nc3 Bb4 4.e3 O-O 5.Ne2 Re8 6.a3 Bf8 7.Ng3 d5 8.cxd5 
exd5 9.b4 b6 10.Be2 c6 11.O-O Nbd7 12.Rb1 g6 13.Bf3 h5 14.e4 h4 15.exd5 
Nxd5 16.Nxd5 hxg3 17.fxg3 Ba6 18.b5 Bxb5 19.Rxb5 cxb5 20.h4 Bg7 21.Bg5 f6 
22.Bf4 Rc8 23.Qb3 Kh8 24.h5 g5 25.h6 Bxh6 26.Bc7 Rxc7 27.Nxc7 Qxc7 28.Qf7 
Qd8 29.Qg6 Re7 30.Qxh6+ Rh7 31.Qg6 Nf8 32.Qe4 Qd6 33.Bg4 Re7 34.Qd3 Kg7 
35.Kh2 b4 36.axb4 Qxb4 37.Rc1 a5 38.d5 Qxg4 0-1

[Event "Nordic Championship"]
[Site "Vaxjo"]
[Date "2017.07.01"]
[Round "8.10"]
[White "Blomqvist, Erik"]
[Black "Seo, Jung Min"]
[Result "1/2-1/2"]
[WhiteElo "2554"]
[BlackElo "2276"]

1.Nf3 Nf6 2.g3 g6 3.Bg2 Bg7 4.O-O O-O 5.d4 d5 6.c4 c6 7.b3 Bf5 8.Bb2 Nbd7 
9.e3 Ne4 10.Qe2 a5 11.Rc1 a4 12.cxd5 cxd5 13.bxa4 Nb6 14.Nc3 Nxc3 15.Bxc3 
Rxa4 16.Ne5 Nc4 17.Nxc4 Rxc4 18.Qb2 Qd7 19.Bf1 Rc7 20.Bb5 Qe6 21.Bb4 Rxc1+
22.Rxc1 Bh3 23.Qb1 Bf5 24.Qb3 Bh3 25.Qc2 Bf6 26.Bf1 Bxf1 27.Kxf1 Qa6+ 28.
Kg2 Ra8 29.a3 Kg7 30.Qc7 e6 31.Bd6 h5 32.Rb1 b5 33.Rc1 Ra7 34.Qc5 Rd7 35.
Bf8+ Kg8 36.Rb1 Rd8 37.Be7 Bxe7 38.Qxe7 Ra8 39.Rb3 Rc8 40.Qd7 Ra8 41.Rc3 
Rf8 42.Qe7 Rc8 43.Rc5 Kg7 44.Qd7 Rxc5 45.dxc5 Qa4 46.c6 Qe4+ 47.Kg1 Qb1+ 
48.Kg2 1/2-1/2

[Event "Nordic Championship"]
[Site "Vaxjo"]
[Date "2017.07.01"]
[Round "8.11"]
[White "Keinanen, Toivo"]
[Black "Kjartansson, Gudmundur"]
[Result "0-1"]
[WhiteElo "2287"]
[BlackElo "2464"]

1.d4 d5 2.c4 e6 3.Nf3 Nf6 4.g3 Bb4+ 5.Bd2 Be7 6.Bg2 O-O 7.O-O c6 8.Qc2 
Nbd7 9.Bf4 b6 10.cxd5 cxd5 11.Bc7 Qe8 12.Nc3 Ba6 13.Qa4 Nb8 14.Qxe8 Rxe8 
15.Bxb8 Raxb8 16.a4 Ne4 17.Nb5 Bxb5 18.axb5 Rb7 19.Ne5 Nd6 20.Nc6 Nxb5 21.
e4 dxe4 22.Bxe4 Nd6 23.Bg2 Nc8 24.b4 b5 25.Nxe7+ Rbxe7 26.Bc6 Rd8 27.Bxb5 
Nb6 28.Bc6 Rc7 29.b5 Rxd4 30.Kg2 Kf8 31.Ra2 Ra4 32.Rd2 Ke7 33.Rfd1 Rc8 34.
Bb7 Rc5 35.Ba6 Rd5 36.Bb7 Rxd2 37.Rxd2 Rc4 38.Ra2 Rc7 39.Bc6 Kd6 40.Kf3 
Nc4 41.Ke4 Kc5 42.Kf4 f6 43.h4 Nd6 44.Rb2 Nxb5 45.Bxb5 Rb7 46.Re2 Kxb5 47.
Rxe6 a5 48.Ke3 a4 49.Kd2 a3 50.Kc2 Kc4 51.Re4+ Kd5 52.Ra4 Rb2+ 53.Kc1 Rb3 
54.Ra7 Ke4 55.Kc2 Rb2+ 56.Kc1 Rxf2 57.Ra4+ Kf5 58.Rxa3 h5 59.Kd1 Rg2 60.
Ke1 Kg4 61.Ra7 g6 62.Ra6 Kxg3 63.Rxf6 Kxh4 64.Kf1 Kh3 65.Rf4 g5 66.Rf5 h4 
67.Ra5 Kh2 68.Ra4 h3 69.Re4 g4 70.Rf4 g3 71.Rf3 Ra2 72.Rf2+ Rxf2+ 0-1

[Event "Nordic Championship"]
[Site "Vaxjo"]
[Date "2017.07.01"]
[Round "8.12"]
[White "Thogersen, Rasmus"]
[Black "Brynell, Stellan"]
[Result "1/2-1/2"]
[WhiteElo "2222"]
[BlackElo "2434"]

1.e4 e6 2.d4 d5 3.Nc3 Nf6 4.e5 Nfd7 5.f4 c5 6.Nf3 Nc6 7.Be3 cxd4 8.Nxd4 
Bc5 9.Qd2 O-O 10.O-O-O a6 11.Qf2 Bb4 12.Nce2 Na5 13.Ng3 b5 14.Bd3 Be7 15.
Kb1 Bb7 16.h4 Nc4 17.h5 Qc7 18.Ngf5 exf5 19.Nxf5 Ndxe5 20.Bd4 f6 21.Qg3 
Bd6 22.Nxd6 Nxd3 23.Nxb7 Ndxb2 24.Bxb2 Nxb2 25.Kxb2 Qxb7 26.h6 Rad8 27.
hxg7 Qxg7 28.Qf3 f5+ 29.Kb1 d4 30.Rh5 Qe7 31.g4 fxg4 32.Qxg4+ Kh8 33.Rdh1 
Rf7 34.Qg5 Qxg5 35.fxg5 Rg8 36.Kc1 Rgg7 37.Kd2 Rf5 38.Rg1 Rc7 39.Kd3 Kg7 
40.Rg2 Rf4 41.Rgh2 Kg8 42.Rh6 Rc3+ 43.Kd2 Ra3 44.Rxh7 Rf2+ 45.Rxf2 Kxh7 
46.Rf4 Kg6 47.Rxd4 Kxg5 48.Kc1 Rxa2 49.Kb1 Ra3 50.Kb2 Rf3 51.c4 Rf5 52.
cxb5 axb5 53.Kb3 1/2-1/2

[Event "Nordic Championship"]
[Site "Vaxjo"]
[Date "2017.07.01"]
[Round "8.13"]
[White "Nielsen, Rogvi Egilstoft"]
[Black "Vernersson, Per"]
[Result "1-0"]
[WhiteElo "2353"]
[BlackElo "2290"]

1.e4 c6 2.d4 d5 3.exd5 cxd5 4.c4 Nf6 5.Nc3 e6 6.c5 Be7 7.Qc2 O-O 8.Nf3 Nc6
9.Bb5 Ne4 10.Bxc6 bxc6 11.Nxe4 dxe4 12.Qxe4 Qa5+ 13.Bd2 Qb5 14.Bc3 Ba6 15.
Ne5 Rac8 16.a4 Qb3 17.Ra3 Qd5 18.Qxd5 exd5 19.Kd2 Bg5+ 20.Kd1 Bf4 21.Re1 
Bxe5 22.Rxe5 Rfe8 23.b4 Rxe5 24.dxe5 Bf1 25.b5 d4 26.Bxd4 cxb5 27.axb5 
Bxb5 28.Rxa7 Bc6 29.Kd2 Bxg2 30.Kc3 Bd5 31.Rd7 Bc6 32.Rd6 Kf8 33.Kb4 Ke7 
34.Ka5 Bf3 35.Kb6 Rb8+ 36.Kc7 Rb7+ 37.Kc8 Rb4 38.c6 Bxc6 39.Bc5 Bb7+ 40.
Kc7 Rc4 41.Rc6+ Rxc5 42.Rxc5 Be4 43.Rc4 Bf5 44.Rc1 Ke6 45.Re1 g5 46.Kc6 
Bg6 47.Kc5 Kf5 48.Kd6 Kf4 49.Re3 Bf5 50.Ke7 Be6 51.Kf6 h5 52.Ra3 g4 53.Ra6
h4 54.Rxe6 fxe6 55.Kxe6 h3 56.Kf6 Kf3 57.Kg5 Kg2 58.e6 Kxh2 59.e7 g3 60.
fxg3 1-0

[Event "Nordic Championship"]
[Site "Vaxjo"]
[Date "2017.07.01"]
[Round "8.14"]
[White "Pantzar, Milton"]
[Black "Ask, Josef"]
[Result "0-1"]
[WhiteElo "2313"]
[BlackElo "2120"]

1.d4 Nf6 2.c4 g6 3.Nc3 Bg7 4.e4 d6 5.f3 O-O 6.Be3 Nc6 7.Nge2 a6 8.Qd2 Na5 
9.Nc1 Nd7 10.Nb3 c5 11.dxc5 Nxb3 12.axb3 Nxc5 13.Ra3 Be6 14.Be2 Be5 15.b4 
Nd7 16.O-O Rc8 17.f4 Bg7 18.b3 Bxc3 19.Qxc3 f6 20.h4 Bf7 21.h5 gxh5 22.Ra5
Bg6 23.Qd4 Nc5 24.bxc5 Qxa5 25.cxd6 exd6 26.Qxd6 Qc7 27.Qe6+ Qf7 28.Qh3 
Bxe4 29.Bxh5 Qe7 30.f5 Rfd8 31.Rf4 Bc6 32.Rg4+ Kh8 33.Bg6 Rd3 34.Rg3 Rxb3 
35.Qh6 Rb1+ 36.Kh2 Rd8 37.Bg5 Rf8 38.Bh4 Qg7 39.Qf4 Rb2 40.Qd4 Rxg2+ 0-1

[Event "Nordic Championship"]
[Site "Vaxjo"]
[Date "2017.07.01"]
[Round "8.15"]
[White "Olofsson-Dolk, Mattis"]
[Black "Kucuksari, Kaan"]
[Result "0-1"]
[WhiteElo "2203"]
[BlackElo "2299"]

1.e4 Nf6 2.e5 Nd5 3.d4 d6 4.Nf3 dxe5 5.Nxe5 c6 6.Be2 Bf5 7.O-O Nd7 8.Nf3 
e6 9.c4 N5f6 10.Nc3 h6 11.Bf4 Qb6 12.b3 Be7 13.h3 O-O 14.Bd3 Qa5 15.Bxf5 
Qxf5 16.Bh2 Rad8 17.Qe2 Rfe8 18.Rad1 Bb4 19.Qb2 Qa5 20.Nb1 Be7 21.Rfe1 c5 
22.d5 exd5 23.cxd5 Nb6 24.Bc7 Rxd5 25.Nc3 Rxd1 26.Rxd1 c4 27.Nd2 Rc8 28.
Bxb6 Qxb6 29.Nde4 Nxe4 30.Nxe4 Qe6 31.Ng3 c3 32.Qc2 b5 33.Nf5 b4 34.Ne3 
Bg5 35.Nc4 Rd8 36.Rxd8+ Bxd8 37.Kf1 Bg5 38.a3 Qg6 39.Qxg6 fxg6 40.Ke2 c2 
0-1

[Event "Nordic Championship"]
[Site "Vaxjo"]
[Date "2017.07.01"]
[Round "8.16"]
[White "Tuomainen, Felix"]
[Black "Aroven, Mikael"]
[Result "0-1"]
[WhiteElo "2294"]
[BlackElo "2114"]

1.d4 g6 2.c4 Bg7 3.Nc3 d6 4.e4 Nf6 5.Nf3 O-O 6.Be2 e5 7.d5 a5 8.Be3 Ng4 9.
Bg5 f6 10.Bd2 f5 11.h3 Nf6 12.g4 f4 13.Qc2 Na6 14.O-O-O Nc5 15.Rdg1 Bd7 
16.Ne1 c6 17.g5 Ne8 18.Nd3 Nxd3+ 19.Qxd3 Nc7 20.h4 Na6 21.dxc6 Bxc6 22.h5 
Re8 23.hxg6 hxg6 24.Qh3 Kf7 25.Bh5 gxh5 26.Qf5+ Ke7 27.Rxh5 Qd7 28.Qg6 Rg8
29.Rh7 Kf8 30.Rd1 Rd8 31.Qf5+ Qf7 32.Nd5 Bxd5 33.Bxa5 Be6 34.g6 Qxf5 35.
exf5 Rc8 36.fxe6 Rxc4+ 37.Kb1 Ke7 38.Rd5 Kxe6 39.Rb5 Bf6 40.Rbxb7 Rxg6 41.
Rh1 Nc5 0-1

[Event "Nordic Championship"]
[Site "Vaxjo"]
[Date "2017.07.01"]
[Round "8.17"]
[White "Thornblad, Erik"]
[Black "Lindgren, Philip"]
[Result "0-1"]
[WhiteElo "2107"]
[BlackElo "2420"]

1.e4 c5 2.Nf3 d6 3.Bb5+ Nd7 4.d4 cxd4 5.Qxd4 a6 6.Bxd7+ Bxd7 7.O-O e5 8.
Qd3 h6 9.Nc3 Nf6 10.Be3 Be7 11.a4 Be6 12.h3 Qc7 13.Rfd1 Bc4 14.Qd2 Rc8 15.
Nh4 Be6 16.g4 Nxg4 17.hxg4 Bxh4 18.f3 Be7 19.Kg2 f6 20.Rh1 Kf7 21.Rh2 g5 
22.Rah1 Kg7 23.Kg3 Qc6 24.Rh3 Rh7 25.Qh2 Rch8 26.Rd1 Bf7 27.Qd2 h5 28.gxh5
Rxh5 29.Rdh1 Rxh3+ 30.Rxh3 Rxh3+ 31.Kxh3 Bd8 32.Ne2 Be6+ 33.Kg3 Be7 34.Nc3
Bd8 35.Ne2 d5 36.exd5 Qxd5 37.Qb4 f5 38.Bb6 Bf6 39.Bc5 f4+ 40.Kf2 g4 41.
Be7 Qxf3+ 42.Ke1 Qh1+ 43.Kd2 Qd5+ 44.Ke1 Bf7 45.Bxf6+ Kxf6 46.Nc3 Qh1+ 47.
Kd2 Qg2+ 48.Ke1 Qg1+ 49.Ke2 f3+ 0-1